Tilastot visalle Maat kielien mukaan 90 sekunnissa

Klikkaa tästä pelataksesi tätä visaa!

Yleistilastot

  • Tätä visaa on pelattu 6 967 kertaa
  • Keskiarvotulos 143 / 192

Vastaukset kartalla

Vastauksille on annettu kartalla punavihreä väri sen mukaan, kuinka moni on saanut sen oikein.
Ladataan ...
 

Vastaustilastot

KieletCountry% Oikein
Ranska, Englanti, Seychellin kreoliSeychellit
99%
Ranska, EnglantiKamerun
99%
Englanti, RanskaKanada
99%
Englanti, Ranska, KinyarwandaRuanda
99%
Kiina, Englanti, Malaiji, TamiliSingapore
99%
Bislama, Englanti, RanskaVanuatu
99%
EnglantiNigeria
98%
EnglantiSalomonsaaret
98%
EnglantiSierra Leone
98%
EnglantiSaint Vincent ja
Grenadinit
98%
EnglantiSaint Lucia
98%
EnglantiSaint Kitts ja Nevis
98%
EnglantiLiberia
98%
EnglantiNamibia
98%
EnglantiTrinidad ja Tobago
98%
EnglantiJamaika
98%
EnglantiGuyana
98%
EnglantiGrenada
98%
EnglantiGhana
98%
EnglantiGambia
98%
EnglantiMikronesia
98%
EnglantiDominica
98%
EnglantiEtelä-Sudan
98%
Afrikaans, Englanti, etelä-ndebele, eteläsotho, seotho, Swazi, Tswana, Tsonga, Venda, Xhosa, ZuluEtelä-Afrikka
98%
EnglantiYhdistynyt kuningaskunta
98%
Englanti, Palaun kieliPalau
98%
Englanti, Tongan kieliTonga
98%
Englanti, Tok Pisin, Hiri MotuPapua-Uusi-Guinea
98%
Englanti, SwaziSwazmaa
98%
Englanti, SwahiliUganda
98%
Englanti, SwahiliKenia
98%
Englanti, SesothoLesotho
98%
Englanti, Shona, pohjois-ndebeleZimbabwe
98%
Englanti, Samoan kieliSamoa
98%
Englanti, Naurun kieliNauru
98%
EnglantiSambia
98%
Englanti, Marshallin kieliMarshallinsaaret
98%
Englanti, MāoriUusi-Seelanti
98%
Englanti, Hindustani (Urdu)Pakistan
98%
Englanti, Hindustani (Hindi)Intia
98%
Englanti, KiribatiKiribati
98%
Englanti, FilipinoFilippiinit
98%
Englanti, Fidži, fidžinhindiFidži
98%
EnglantiBelize
98%
Englanti, Arabia, TigrinjaEritrea
98%
EnglantiBarbados
98%
EnglantiBahama
98%
Malta, EnglantiMalta
98%
EnglantiAntigua ja Barbuda
98%
Tuvalun kieli, EnglantiTuvalu
98%
Swahili, EnglantiTansania
98%
Espanja, Ranska, PortugaliPäiväntasaajan
Guinea
98%
Arabia, EnglantiSudan
98%
Irlanti, EnglantiIrlanti
98%
Chewa, EnglantiMalawi
98%
Suomi, RuotsiSuomi
97%
Arabia, RanskaTšad
97%
Arabia,Djibouti
97%
Valkovenäjä, VenäjäValko-Venäjä
97%
VenäjäVenäjä
97%
Arabia, komori, RanskaKomorit
97%
Kyrgyz, VenäjäKirgisia
97%
Hollanti, Ranska, SaksaBelgia
97%
Ranska, Saksa, LuxemburgLuxemburg
97%
Kazakki, VenäjäKazakhstan
97%
Saksa, Ranska, Italia, RetoromaaniSveitsi
97%
EspanjaHonduras
96%
Espanja, Quechua, AimaraBolivia
96%
Espanja, GuaraníParaguay
96%
EspanjaVenezuela
96%
EspanjaUruguay
96%
EspanjaEspanja
96%
EspanjaPeru
96%
EspanjaNicaragua
96%
EspanjaPanama
96%
EspanjaGuatemala
96%
EspanjaCosta Rica
96%
EspanjaArgentiina
96%
EspanjaChile
96%
EspanjaEl Salvador
96%
EspanjaKolumbia
96%
EspanjaKuuba
96%
EspanjaDominikaaninen Tasavalta
96%
EspanjaEcuador
96%
RanskaMali
95%
Ranska, SangoKeski-Afrikan tasavalta
95%
Ranska, MalagassiMadagaskar
95%
Ranska, Haitin kreoliHaiti
95%
RuotsiRuotsi
95%
Kirundi, RanskaBurundi
95%
Togo
95%
RanskaSenegal
95%
RanskaKongon tasavalta
95%
RanskaNiger
95%
RanskaMonaco
95%
RanskaGuinea
95%
RanskaRanska
95%
RanskaKongon demokraattinen
tasavalta
95%
RanskaNorsunluurannikko
95%
RanskaBurkina Faso
95%
RanskaBenin
95%
RanskaGabon
95%
KiinaKiina
94%
KiinaTaiwan
94%
SaksaItävalta
91%
SaksaSaksa
91%
SaksaLiechtenstein
91%
NorjaNorja
90%
PortugaliMosambik
88%
PortugaliPortugali
88%
PortugaliKap Verde
88%
PortugaliGuinea-Bissau
88%
PortugaliSão Tomé ja Príncipe
88%
PortugaliBrasilia
88%
Portugali, TetumItä-Timor
88%
PortugaliAngola
88%
ItaliaVatikaani
81%
Arabia, SomaliSomalia
81%
ItaliaItalia
81%
ItaliaSan Marino
81%
TanskaTanska
79%
Arabia, HepreaIsrael
78%
ArabiaLibanon
77%
ArabiaSaudi Arabia
77%
ArabiaSyyria
77%
ArabiaTunisia
77%
ArabiaQatar
77%
ArabiaOman
77%
ArabiaMauritania
77%
ArabiaYhdistyneet arabiemiirikunnat
77%
ArabiaJemen
77%
ArabiaLibya
77%
Berber, ArabiaMarokko
77%
ArabiaEgypti
77%
ArabiaKuwait
77%
ArabiaAlgeria
77%
ArabiaJordania
77%
ArabiaIrak
77%
ArabiaBahrain
77%
JapaniJapani
75%
EestiViro
72%
Kreikka, TurkkiKypros
72%
PuolaPuola
72%
LatviaLatvia
65%
IslantiIslanti
64%
LiettuaLiettua
62%
TurkkiTurkki
62%
UkrainaUkraina
61%
KoreaEtelä-Korea
53%
KoreaPohjois-Korea
53%
KreikkaKreikka
51%
ThaiThaimaa
46%
MongoliaMongolia
45%
HollantiAlankomaat
40%
HollantiSurinam
40%
Romania (Moldova)Moldova
38%
RomaniaRomania
36%
UnkariUnkari
31%
TšekkiTšekki
30%
Bosnia, kroatia, SerbiaBosnia ja
Herzegovina
30%
Malaiji (Indonesia)Indonesia
27%
Albania, Serbo-kroatia (Serbia)Kosovo
27%
VietnamVietnam
24%
Paštu, Persia (Dari)Afganistan
24%
PersiaIran
23%
Tadžikki, PersiaTadžikistan
23%
SerbiaSerbia
21%
BulgariaBulgaria
20%
KroatiaKroatia
18%
AlbaniaAlbania
12%
LaoLaos
10%
SlovakkiSlovakia
7%
BengaliBangladesh
6%
ArmeniaArmenia
5%
SloveeniSlovenia
5%
Sinhali, TamilSri Lanka
4%
KhmerKambodža
4%
NepaliNepal
4%
MakedoniaPohjois-Makedonia
4%
BurmaMyanmar
4%
AmharaEtiopia
4%
UzbekkiUzbekistan
3%
GeorgiaGeorgia
3%
TurkmeniTurkmenistan
3%
MalaijiMalesia
3%
MalaijiBrunei
3%
MontenegroMontenegro
3%
AzeriAzerbaidžan
2%
TswanaBotswana
1%
KatalaaniAndorra
1%
DivehMaldiivit
1%
DzongkhaBhutan
0%

Tulosjakauma

Persentiili vastausten määrän mukaan

Jokaisen tuloksen saaneiden osuus

Tuloshistoriasi

Et ole pelannut tätä visaa